000
00290cam a2200121ua 4500
082
_a
954.83
_b
LOG/MA
100
_a
Logan, Willaim .
_9
1456
245
_a
Malabar vol-1 /
250
_a
1 /
260
_a
New Delhi :
_b
Asian Educational Services ,
_c
1989.
300
_a
759 ; .
942
_c
BK
999
_c
8876
_d
8876